000 00713nam a2200205Ii 4500
003 JO-AjNU
008 230605s9999||||xx |||||||||||||| ||und||
040 _aJO-AjNU
_bara
_erda
_cJO-AjNU
041 _aara
050 1 4 _aLB1027 .T3784 2000
100 3 _aتاليف السامرائي، هاشم... وآخرون,
_eauthor
_947254
245 0 0 _aطرائق التدريس العامة وتنمية التفكير
250 _aط1
264 3 1 _aاربد: دار الامل، 2000
300 _a227ص
336 _atext
_btxt
_2rdacontent
337 _aunmediated
_bn
_2rdamedia
338 _avolume
_bnc
_2rdacarrier
650 4 _aطرق التدريس - التفكير - علم النفس التربوي
_947255
999 _aA20615
_c24183
_d24183